Can you Name Every Coaster to Ever exist at Canada's Wonderland? - Statistics

General Stats
  • This quiz has been taken 8 times
  • The average score is 12 of 19
Answer Stats
Hint Answer % Correct
1995 Flight Deck
75%
1999 Fly
75%
1981 Ghoster Coaster
75%
2004 Time warp
75%
1981 Wilde Beast
75%
1987 Bat
63%
2008 Behemoth
63%
1981 Dragon Fyre
63%
2012 Leviathan
63%
2001 Silver Streak
63%
1981 Thunder Run
63%
1991 Vortex
63%
2019 Yukon Striker
63%
2005 Backlot Stunt Coaster
50%
1981 Mighty Canadian Minebuster
50%
1985 Skyrider
50%
1998 Taxi Jam
50%
2014 Wonder Mountain's Guardian
50%
2023 Snoopy's Racing Railway
38%
No matching quizzes found
Score Distribution
Percent of People with Each Score
Percentile by Number Answered
Your Score History
You have not taken this quiz